000 01280cam a22003497a 4500
003 CHAP
005 20231027114454.0
008 050906d2002 mx r 00110 spa d
010 _a90858
011 _a91830
020 _a9682465486
035 _a102393
040 _cCHAP
082 0 4 _a658
_bM32 2002
100 0 0 _aMartínez Chávez, Víctor Manuel
_971926
245 1 0 _aDiagnóstico administrativo :
_bprocedimientos, procesos, reingeniería y benchmarking
_c/por Víctor Manuel Martínez Chávez
250 _a3ed.
260 _aMéxico :
_bTrillas,
_c2002.
300 _a368 p. :
_bilus.
590 _aBATCH-UPD
_b10
_c20130110
_lUCH01
_h0620
590 _aBATCH-UPD
_b10
_c20130410
_lUCH01
_h0302
590 _aBATCH-UPD
_b10
_c20130913
_lUCH01
_h1935
590 _aCONVERSION
_b10
_c20130109
_lUCH01
_h1350
650 1 4 _aAdministración de empresas.
_9922
650 1 4 _aAdministración.
_9918
901 _aBK
905 _aAlejandra Carrasco M.
942 _cLIBRO
949 _a658 M32 2002
_bBC
_cLIBRO
_d33724000977534
_eLIBRO
_fc.3
_gI.c/e
_h106475
_i102393
_sb
_t$ 240.00
949 _a658 M32 2002
_bBC
_cLIBRO
_d33724000977591
_eLIBRO
_fc.2
_gI.c/e
_h106474
_i102393
_sb
_t$ 240.00
949 _a658 M32 2002
_bBC
_cLIBRO
_d33724000977658
_eLIBRO
_gI.c/e
_h106473
_i102393
_si
_t$ 240.00
999 _c90858
_d90858